000 00322 a2200145 4500
001 48631
040 _cAnchieta - Bela Vista
100 _aBarbosa, Rogério Andrade
240 1 0 _aEm Angola tem?
_lpor
245 1 0 _aEm Angola tem?
300 _a44
362 0 _a2010
650 4 _aLiteratura infanto-juvenil
942 _cBK
999 _c48631
_d48631